Forage tree legumes in tropical agriculture / (Record no. 18982)

000 -LEADER
fixed length control field 00484cam a2200181Ia 4500
020 ## - INTERNATIONAL STANDARD BOOK NUMBER
ISBN 0851988687
040 ## - CATALOGING SOURCE
Transcribing agency VXG
082 04 - DEWEY DECIMAL CLASSIFICATION NUMBER
Classification number 634 CAB 1994 C157 Or.
245 00 - TITLE STATEMENT
Title Forage tree legumes in tropical agriculture /
260 ## - PUBLICATION, DISTRIBUTION, ETC. (IMPRINT)
Place of publication Wallingford, Oxon :
Name of publisher CAB International,
Year of publication c1994
300 ## - PHYSICAL DESCRIPTION
Number of Pages xv, 389 p. :
Other physical details ill. ;
Dimensions 24 cm
650 #0 - SUBJECT ADDED ENTRY--TOPICAL TERM
Topical Term Legumes
650 #0 - SUBJECT ADDED ENTRY--TOPICAL TERM
Topical Term Forage plants
650 #0 - SUBJECT ADDED ENTRY--TOPICAL TERM
Topical Term Legume industry
700 1# - ADDED ENTRY--PERSONAL NAME
Personal name Gutteridge, Ross C
700 1# - ADDED ENTRY--PERSONAL NAME
Personal name Shelton, H. Max
942 ## - ADDED ENTRY ELEMENTS (KOHA)
Koha item type ADB
952 ## - LOCATION AND ITEM INFORMATION (KOHA)
Withdrawn status [LOCAL, KOHA] 0
Holdings
Source of acquisition Permanent Location Date acquired Koha item type Lost status Shelving location Current Location Full call number
A32886Library Block C2020-02-18សៀវភៅភាសាអង់គ្លេស C156Library Block C634 CAB 1994 C157 Or.
មជ្ឈមណ្ឌលឯការនៃសាកលវិទ្យាល័យភូមិន្ទកសិកម្មចំការដូង

Powered by Koha